00641nam a2200181Ia 450000500170000000800460001703700120006304000200007504100130009508400220010810000370013024500660016726000690023330000090030294200220031199900210033395201050035420250508151911.0008 250505s9999 xx 000 0 eng d aTextual aFEDLbengcFEDL aeng2eng a954.01, BHAqFEDL aBhargava Purushottam Lal9450542 0aIndia in the vedic age: A history of Aryan expansion in India aLucknow, IndiabThe Upper India Publishing House Pvt. Ltd.c1956 a202p cTEXLh954.01, BHA c1332818d1332818 00104070aFEDLbFEDLd2025-05-08l0o954.01, BHApEL0014083r2025-05-08 15:19:11w2025-05-08yTEXL